Ley no. 108-05 de registro inmoviliario de la República Dominicana (Modificada por la ley no. 51-07) y Reglamentos / Segundo E. Moncion y Leonaldo Mirabal (Registro nro. 11852)
[ vista simple ]
| 000 -LEADER | |
|---|---|
| fixed length control field | 00740nam a22001811a 4500 |
| 001 - CONTROL NUMBER | |
| control field | 11852 |
| 003 - CONTROL NUMBER IDENTIFIER | |
| control field | OSt |
| 005 - DATE AND TIME OF LATEST TRANSACTION | |
| control field | 20260204212259.0 |
| 008 - FIXED-LENGTH DATA ELEMENTS--GENERAL INFORMATION | |
| fixed length control field | 131206s2007||||dr ||||||b||||||||||spa|| |
| 082 ## - DEWEY DECIMAL CLASSIFICATION NUMBER | |
| Classification number | RD 346.0437293 R299i |
| 110 ## - ASIENTO PRINCIPAL -- NOMBRE CORPORATIVO | |
| Corporate name or jurisdiction name as entry element | Republica Dominicana |
| 245 ## - TÍTULO PROPIAMENTE DICHO: SUBTÍTULO | |
| Title | Ley no. 108-05 de registro inmoviliario de la República Dominicana (Modificada por la ley no. 51-07) y Reglamentos / Segundo E. Moncion y Leonaldo Mirabal |
| 264 ## - PRODUCTION, PUBLICATION, DISTRIBUTION, MANUFACTURE, AND COPYRIGHT NOTICE | |
| Place of production, publication, distribution, manufacture | Santiago de los Caballeros : Hnos. Capellán |
| 300 ## - PHYSICAL DESCRIPTION | |
| Extensión | 307 P. |
| 650 ## - ASIENTO SECUNDARIO DE MATERIA -- TERMINO TEMÁTICO | |
| Termino Temático Como Elemento de Entrada | REGISTRO DE LA PROPIEDAD - LEGISLACION 2.DERECHO INMOVILIARIO - LEGISLACION - REPUBLICA DOMINICANA 3.LEY N0 108-05 DE REGISTRO INMOBILIARIO |
| 700 ## - ASIENTO SECUNDARIO -- NOMBRE PERSONAL | |
| Personal name | Moncion, Segundo E. ll Mirabal LeonaldoÌ |
| 942 ## - ADDED ENTRY ELEMENTS (KOHA) | |
| Source of classification or shelving scheme | Dewey Decimal Classification |
| Koha item type | Libros |
| Withdrawn status | Lost status | Source of classification or shelving scheme | Damaged status | Not for loan | Current library | Date acquired | Total Checkouts | Full call number | Barcode | Date last seen | Price effective from | Koha item type |
|---|---|---|---|---|---|---|---|---|---|---|---|---|
| Dewey Decimal Classification | Biblioteca UTECO | 09/09/2019 | RD 346.0437293 R299I | 017248 | 09/09/2019 | 09/09/2019 | Libros |
